01374nam a2200349 a 4500001001000000003000500010005001700015008004100032010001100073011001100084040000900095090001000104100004300114245016900157260004100326500006000367502007700427590004100504590003700545590004000582590004000622650004400662650002900706650003000735856001600765856007000781901000700851942001000858942000600868999001900874952013100893000114991CHAP20220329144507.0180824s2018 mx |sm |||||||spa d a111452 a112424 cCHAP aTesis1 aCarranza González, Salvador.913539910aEstabilidad de rendimiento de grano de variedades de avena en ambientes de temporal en los Valles Altos de Méxicoh[En línea]cpor Salvador Carranza González. aChapingo, Méx. :bEl autor,c2018. aPara ver el contenido del material haga clic en la liga aTesis (Ing. Agr. Esp. en Fitotecnia) -- UACH. Departamento de Fitotecnia aBATCH-UPDb05c20180824lUCH01h1428 aBATCHb00c20181121lUCH01h0759 aE5765TAJb05c20180824lUCH01h1427 aE5765TAJb05c20180827lUCH01h074814aAvenaxEfecto del medio ambiente.9851614aAvenaxGenética.9852114aAvenaxRendimiento.98539 a1 n0001299 aFinding aiduhttp://10.13.5.2/tesis/sist114991.pdfzTeclea aquí aBK cTESIS n0 c111452d111452 00104054718TESISaBCbBCd2018-08-24fTESISl0oTesisp115002-10r2019-12-31 00:00:00w2019-12-31yTESISzRecien adquirido